| 000 | 00782nam0a22002531 4500 | ||
|---|---|---|---|
| 001 | rc\2603859 | ||
| 005 | 20250623132136.0 | ||
| 035 | _a(NLR Aleph) 006767886 | ||
| 090 |
_a5913240 _c5913240 |
||
| 100 | _a20110914d1930 |||y0rusy50 ca | ||
| 101 | 0 | _arus | |
| 102 | _aRU | ||
| 105 | _ay z |||a| | ||
| 200 | 1 |
_aСовье гнездо _eДрама в 4 действ. _fВ. Бродячий |
|
| 210 |
_aЛенинград _aМосква _cизд-во МОДП и К _d1930 _e[Ленинград] _gтип. Акад. наук СССР |
||
| 215 |
_a40 с. _d22х15 см. |
||
| 300 | _aОбложка: Д. Д. | ||
| 700 | 1 |
_aБродячий _bВ. |
|
| 801 | 0 |
_aRU _bNLR _gpsbo |
|
| 801 | 1 |
_aRU _bELAR _2rusmarc |
|
| 852 |
_aNLR _j30.11/128 |
||
| 942 | _cBOOK | ||
| 980 | _aNB | ||